El mártir de Chihuahua / Javier H. Contreras Orozco

Guardat en:
Dades bibliogràfiques
Autor principal: Contreras Orozco, Javier H. (autor)
Format: Llibre
Matèries:
Etiquetes: Afegir etiqueta
Sense etiquetes, Sigues el primer a etiquetar aquest registre!

MARC

LEADER 00000nam^a2200000^u^4500
001 000548821
005 20250521000000.0
008 060220s1000^^^^^^^^^^^^r^^^^^000^0^spa^d
009 20260310131459.609
035 |a FMI 000018570 
037 |a Acervo Xavier Clavigero 
096 |a 3.6.2/89/A 
100 |a Contreras Orozco, Javier H.  |e (autor) 
245 1 3 |a El mártir de Chihuahua / Javier H. Contreras Orozco 
264 |a Chihuahua : Centro Librero La Pronsa 
300 |a 464 p. 
336 |a texto  |b txt  |2 rdacontenido 
337 |a sin mediación  |b n  |2 rdamedio 
338 |a volumen  |b nc  |2 rdasoporte 
597 |a "Persecución y levantamiento de católicos. Vida ymartirio del P. Pedro Maldonado" 
649 |a XX 
650 |a 1.Maldonado, Pedro 
650 |a Historia de la Iglesia - Chihuahua 
910 |a Fondo Francisco Migoya Covarrubias S.J. 
920 |a Impresos - Libros 
930 |a Fondos Especiales 
905 |a 134 
901 |a SBC27315  |b IT2  |c ESP  |u 20250521 
902 |a https://opac.biblio.iteso.mx/vufind/Record/000548821